00624 2200253 4500001002100000005001700021008004100038020001800079035002400097082001100121090002100132100001500153245003400168250001000202260003100212300002400243500002600267650001300293850001500306980001300321985000600334999001500340999001500355YOGYA-0209000003495120090227024945.0 ind  a979-672-445-6 0010-020900000034951 a638.57 a638.57bSuk BlT aSUKARNO, H aBudidaya jangkrikcH. Sukarno aCet.2 aYogyakartabKanisiusc2000 a52 hlmbilusc21 cm aBibliografi : hlm. 52 aJangkrik aYOPDYOG(B) a07-11-06 a2 a00P0001036 a00P0001037